| 000 | 00838nam a22002177a 4500 | ||
|---|---|---|---|
| 999 |
_c13214 _d13214 |
||
| 003 | AR-CdUCM | ||
| 008 | 190411b ||||| |||| 00| 0 spa d | ||
| 040 |
_aMUNICIPALIDAD PROVINCIAL DEL CUSCO _cBIBLIOTECA MUNICIPAL DEL CUSCO |
||
| 082 |
_aC / 379.2187 / _bA98 |
||
| 100 |
_aAzpilcueta Loaiza, José Oscar _931484 |
||
| 245 | _aSimón Rodríguez eximio maestro americano / | ||
| 260 |
_aCusco : _c1977. |
||
| 300 |
_a87 páginas ; _c21 cm. |
||
| 505 | _aContenido: Datos biográficos -- Peregrinación de Simón Rodriguez -- Simón Rodriguez , gran maestro del libertador -- Doctrina pedagógica de Simón Rodriguez ... | ||
| 650 |
_aPedagogos venezolanos _931485 |
||
| 650 |
_aPersonalidad _9925 |
||
| 650 |
_aDoctrina _91208 |
||
| 710 |
_aSociedad Bolivariana del Cusco _931486 |
||
| 942 |
_2ddc _cLIBROS |
||
| 945 |
_aacv _d2019-04-11 |
||